<?xml version="1.0" encoding="UTF-8"?>
<collection xmlns="http://www.loc.gov/MARC21/slim">
 <record>
  <leader>05058cam a2200685   4500</leader>
  <controlfield tag="001">690205139</controlfield>
  <controlfield tag="003">DE-627</controlfield>
  <controlfield tag="005">20220831111812.0</controlfield>
  <controlfield tag="007">tu</controlfield>
  <controlfield tag="008">120418s2012    fr ||||| c    00| ||fre c</controlfield>
  <datafield tag="010" ind1=" " ind2=" ">
   <subfield code="a">  2012476148</subfield>
  </datafield>
  <datafield tag="016" ind1="7" ind2=" ">
   <subfield code="a">204051339</subfield>
   <subfield code="2">DE-101</subfield>
  </datafield>
  <datafield tag="020" ind1=" " ind2=" ">
   <subfield code="a">2757205757</subfield>
   <subfield code="9">2-7572-0575-7</subfield>
  </datafield>
  <datafield tag="020" ind1=" " ind2=" ">
   <subfield code="a">9782757205754</subfield>
   <subfield code="c">(pbk.) : 39,00 EUR</subfield>
   <subfield code="9">978-2-7572-0575-4</subfield>
  </datafield>
  <datafield tag="024" ind1="3" ind2=" ">
   <subfield code="a">9782757205754</subfield>
  </datafield>
  <datafield tag="035" ind1=" " ind2=" ">
   <subfield code="a">(DE-627)690205139</subfield>
  </datafield>
  <datafield tag="035" ind1=" " ind2=" ">
   <subfield code="a">(DE-576)367453193</subfield>
  </datafield>
  <datafield tag="035" ind1=" " ind2=" ">
   <subfield code="a">(DE-599)GBV690205139</subfield>
  </datafield>
  <datafield tag="035" ind1=" " ind2=" ">
   <subfield code="a">(OCoLC)784010158</subfield>
  </datafield>
  <datafield tag="035" ind1=" " ind2=" ">
   <subfield code="a">(OCoLC)801798527</subfield>
  </datafield>
  <datafield tag="040" ind1=" " ind2=" ">
   <subfield code="a">DE-627</subfield>
   <subfield code="b">ger</subfield>
   <subfield code="c">DE-627</subfield>
   <subfield code="e">rakwb</subfield>
  </datafield>
  <datafield tag="041" ind1=" " ind2=" ">
   <subfield code="a">fre</subfield>
  </datafield>
  <datafield tag="044" ind1=" " ind2=" ">
   <subfield code="c">XA-FR</subfield>
  </datafield>
  <datafield tag="050" ind1=" " ind2="0">
   <subfield code="a">NK1655.T68</subfield>
  </datafield>
  <datafield tag="082" ind1="0" ind2=" ">
   <subfield code="a">746</subfield>
   <subfield code="q">LOC</subfield>
  </datafield>
  <datafield tag="084" ind1=" " ind2=" ">
   <subfield code="a">9,10</subfield>
   <subfield code="2">ssgn</subfield>
  </datafield>
  <datafield tag="084" ind1=" " ind2=" ">
   <subfield code="a">21.86</subfield>
   <subfield code="2">bkl</subfield>
  </datafield>
  <datafield tag="245" ind1="1" ind2="3">
   <subfield code="a">Le parement d'autel des Cordeliers de Toulouse</subfield>
   <subfield code="b">anatomie d'un chef-d'œuvre du XIVe siècle ; [à l'occasion de l'exposition orgnisée au Musée Paul-Dupuy du 16 mars au 18 juin 2012]</subfield>
   <subfield code="c">[Christine Aribaud ...]</subfield>
  </datafield>
  <datafield tag="264" ind1=" " ind2="1">
   <subfield code="a">Paris</subfield>
   <subfield code="b">Somogy Editions d'Art [u.a.]</subfield>
   <subfield code="c">2012</subfield>
  </datafield>
  <datafield tag="300" ind1=" " ind2=" ">
   <subfield code="a">189 S.</subfield>
   <subfield code="b">Ill., Kt.</subfield>
   <subfield code="c">28 cm</subfield>
   <subfield code="e">Beil.</subfield>
  </datafield>
  <datafield tag="336" ind1=" " ind2=" ">
   <subfield code="a">Text</subfield>
   <subfield code="b">txt</subfield>
   <subfield code="2">rdacontent</subfield>
  </datafield>
  <datafield tag="336" ind1=" " ind2=" ">
   <subfield code="a">unbewegtes Bild</subfield>
   <subfield code="b">sti</subfield>
   <subfield code="2">rdacontent</subfield>
  </datafield>
  <datafield tag="337" ind1=" " ind2=" ">
   <subfield code="a">ohne Hilfsmittel zu benutzen</subfield>
   <subfield code="b">n</subfield>
   <subfield code="2">rdamedia</subfield>
  </datafield>
  <datafield tag="338" ind1=" " ind2=" ">
   <subfield code="a">Band</subfield>
   <subfield code="b">nc</subfield>
   <subfield code="2">rdacarrier</subfield>
  </datafield>
  <datafield tag="500" ind1=" " ind2=" ">
   <subfield code="a">Includes bibliographical references (p. 181-189)</subfield>
  </datafield>
  <datafield tag="505" ind1="8" ind2="0">
   <subfield code="t">Préface</subfield>
   <subfield code="r">Madame Vincentella de Comarmond, Adjointe au maire de Toulouse</subfield>
  </datafield>
  <datafield tag="505" ind1="8" ind2="0">
   <subfield code="t">Présentation</subfield>
   <subfield code="r">Jean Penent, Conservateur en chef du musée Paul-Dupuy</subfield>
  </datafield>
  <datafield tag="505" ind1="8" ind2="0">
   <subfield code="t">Pt. 1.Les ordres mendiantsLe rôle des ordres mendiants à Toulouse à l'époque du Parement d'autelImage et contemplation dans les ordres mendiants vers 1300 : l'iconographie mystique du Libellus dominicain de Toulouse (ms 418)Pt. 2.Le contexte artistiqueLe couvent des CordeliersLes dominicains et la production manuscrite à Toulouse aux environs de 1300La sculpture gothique à Toulouse autour de 1340Le métier de brodeur à Toulouse à la fin du Moyen ÂgeTentures et textiles dans l'habitat civil à Toulouse aux XIVe et XVe sièclesPt. 3.Le parement d'autel du musée Paul-DupuyLe Parement d'autel du musée Paul-Dupuy et son contexte artistique : analyse stylistique et iconographiqueDu couvent au musée : histoire du Parement dans les collections toulousainesFranciscan Iconographie Themes in the Altar Hanging of Toulouse. An OverviewFils, points et teinture : ressources et limites de l'étude technique</subfield>
  </datafield>
  <datafield tag="520" ind1=" " ind2=" ">
   <subfield code="a">Catalogue de l'exposition présentée au musée Paul-Dupuy de Toulouse, du 16 mars au 18 juin 2012.0Un siècle après la fameuse croisade des Albigeois, Toulouse connaît un exceptionnel renouveau artistique et une relative stabilité économique, politique et religieuse. Le quadrillage monastique de la ville dans la première moitié du XIIIème siècle a eu des conséquences inattendues : les Ordres Mendiants installés modestement à leur début sont maintenant à la tête d'établissements florissants qui font appel aux meilleurs bâtisseurs, comme pourront en témoigner les monastères des Cordeliers, des Jacobins, des Carmes et des Augustins, pour ne citer que les principaux d'entre eux. Parmi les rares éléments de décor et de mobilier des églises parvenus jusqu'à nous, le &quot;Parement d'autel des Cordeliers&quot;, conservé au musée Paul-Dupuy, chef-d'oeuvre de l'art gothique, permet de placer cette création à la hauteur de la splendeur architecturale. Reproduction grand format de l'oeuvre incluse dans le catalogue</subfield>
  </datafield>
  <datafield tag="610" ind1="1" ind2="0">
   <subfield code="a">Catholic Church</subfield>
   <subfield code="x">Liturgical objects</subfield>
   <subfield code="z">France</subfield>
   <subfield code="z">Toulouse</subfield>
   <subfield code="v">Exhibitions</subfield>
  </datafield>
  <datafield tag="610" ind1="1" ind2="0">
   <subfield code="a">Franciscans</subfield>
   <subfield code="z">France</subfield>
   <subfield code="z">Toulouse</subfield>
   <subfield code="v">Exhibitions</subfield>
  </datafield>
  <datafield tag="650" ind1=" " ind2="0">
   <subfield code="a">Altar-cloths</subfield>
   <subfield code="z">France</subfield>
   <subfield code="z">Toulouse</subfield>
   <subfield code="v">Exhibitions</subfield>
  </datafield>
  <datafield tag="650" ind1=" " ind2="0">
   <subfield code="a">Ecclesiastical embroidery, Medieval</subfield>
   <subfield code="z">France</subfield>
   <subfield code="z">Toulouse</subfield>
   <subfield code="v">Exhibitions</subfield>
  </datafield>
  <datafield tag="655" ind1=" " ind2="7">
   <subfield code="a">Ausstellungskatalog</subfield>
   <subfield code="y">2012</subfield>
   <subfield code="z">Toulouse</subfield>
   <subfield code="0">(DE-588)4135467-9</subfield>
   <subfield code="0">(DE-627)10566491X</subfield>
   <subfield code="0">(DE-576)209660988</subfield>
   <subfield code="2">gnd-content</subfield>
  </datafield>
  <datafield tag="689" ind1="0" ind2="0">
   <subfield code="d">g</subfield>
   <subfield code="0">(DE-588)4060518-8</subfield>
   <subfield code="0">(DE-627)104162333</subfield>
   <subfield code="0">(DE-576)209135549</subfield>
   <subfield code="a">Toulouse</subfield>
   <subfield code="2">gnd</subfield>
  </datafield>
  <datafield tag="689" ind1="0" ind2="1">
   <subfield code="d">s</subfield>
   <subfield code="0">(DE-588)4145088-7</subfield>
   <subfield code="0">(DE-627)104233591</subfield>
   <subfield code="0">(DE-576)209738774</subfield>
   <subfield code="a">Bettelorden</subfield>
   <subfield code="2">gnd</subfield>
  </datafield>
  <datafield tag="689" ind1="0" ind2="2">
   <subfield code="d">s</subfield>
   <subfield code="0">(DE-588)4715492-5</subfield>
   <subfield code="0">(DE-627)359682243</subfield>
   <subfield code="0">(DE-576)215663721</subfield>
   <subfield code="a">Altartuch</subfield>
   <subfield code="2">gnd</subfield>
  </datafield>
  <datafield tag="689" ind1="0" ind2=" ">
   <subfield code="5">(DE-627)</subfield>
  </datafield>
  <datafield tag="700" ind1="1" ind2=" ">
   <subfield code="a">Aribaud, Christine</subfield>
   <subfield code="d">1961-</subfield>
   <subfield code="0">(DE-588)133323781</subfield>
   <subfield code="0">(DE-627)54336643X</subfield>
   <subfield code="0">(DE-576)299771873</subfield>
   <subfield code="4">oth</subfield>
  </datafield>
  <datafield tag="710" ind1="2" ind2=" ">
   <subfield code="a">Musée Paul Dupuy</subfield>
   <subfield code="g">Toulouse</subfield>
   <subfield code="0">(DE-588)1006833-8</subfield>
   <subfield code="0">(DE-627)103088938</subfield>
   <subfield code="0">(DE-576)191169218</subfield>
   <subfield code="4">oth</subfield>
  </datafield>
  <datafield tag="787" ind1="0" ind2="8">
   <subfield code="i">Rezensiert in</subfield>
   <subfield code="a">Berger, Sabine</subfield>
   <subfield code="t">[Rezension von: Maria Alessandra Bilotta (Hrsg.), Le parement d'autel des Cordeliers de Toulouse. Anatomie d'un chef-d'oeuvre du XIVème siècle]</subfield>
   <subfield code="d">2016</subfield>
   <subfield code="w">(DE-627)1815475706</subfield>
  </datafield>
  <datafield tag="856" ind1="4" ind2="2">
   <subfield code="u">https://swbplus.bsz-bw.de/bsz367453193inh.htm</subfield>
   <subfield code="m">B:DE-576;DE-16</subfield>
   <subfield code="q">application/pdf</subfield>
   <subfield code="v">20120713110948</subfield>
   <subfield code="x">Verlag</subfield>
   <subfield code="3">Inhaltsverzeichnis</subfield>
  </datafield>
  <datafield tag="935" ind1=" " ind2=" ">
   <subfield code="i">Blocktest</subfield>
  </datafield>
  <datafield tag="936" ind1="b" ind2="k">
   <subfield code="a">21.86</subfield>
   <subfield code="j">Textilkunst</subfield>
   <subfield code="0">(DE-627)106405594</subfield>
  </datafield>
  <datafield tag="951" ind1=" " ind2=" ">
   <subfield code="a">BO</subfield>
  </datafield>
  <datafield tag="990" ind1=" " ind2=" ">
   <subfield code="a">Toulouse</subfield>
  </datafield>
  <datafield tag="990" ind1=" " ind2=" ">
   <subfield code="a">Bettelorden</subfield>
  </datafield>
  <datafield tag="990" ind1=" " ind2=" ">
   <subfield code="a">Altartuch</subfield>
  </datafield>
  <datafield tag="991" ind1=" " ind2=" ">
   <subfield code="a">Rezensiertes Werk</subfield>
  </datafield>
  <datafield tag="999" ind1=" " ind2=" ">
   <subfield code="a">KXP-PPN690205139</subfield>
   <subfield code="e">4184318320</subfield>
  </datafield>
 </record>
</collection>
